<?xml version="1.0" encoding="UTF-8"?>
<collection xmlns:xsi="http://www.w3.org/2001/XMLSchema-instance" xsi:schemaLocation="http://www.loc.gov/MARC21/slim http://www.loc.gov/standards/marcxml/schema/MARC21slim.xsd" xmlns="http://www.loc.gov/MARC21/slim">
 <record>
  <leader>00000nam a22000004a 4500</leader>
  <controlfield tag="001">UP-1685675941131549184</controlfield>
  <controlfield tag="003">Buklod</controlfield>
  <controlfield tag="005">20240207165724.0</controlfield>
  <controlfield tag="006">m    |o  d |      </controlfield>
  <controlfield tag="007">ta</controlfield>
  <controlfield tag="008">240207s2011    ja   ao r    |000 0|eng d</controlfield>
  <datafield tag="020" ind1=" " ind2=" ">
   <subfield code="a">9780804842839</subfield>
  </datafield>
  <datafield tag="037" ind1=" " ind2=" ">
   <subfield code="a">BC-74137</subfield>
   <subfield code="b">Gift- Kristina Wood</subfield>
  </datafield>
  <datafield tag="040" ind1=" " ind2=" ">
   <subfield code="a">OLC</subfield>
   <subfield code="d">BAG</subfield>
   <subfield code="e">rda</subfield>
  </datafield>
  <datafield tag="041" ind1="0" ind2=" ">
   <subfield code="a">eng</subfield>
  </datafield>
  <datafield tag="090" ind1=" " ind2="0">
   <subfield code="a">SB 449    </subfield>
   <subfield code="b">C33 2011</subfield>
  </datafield>
  <datafield tag="100" ind1="1" ind2=" ">
   <subfield code="a">Caballero, Roberto</subfield>
   <subfield code="e">author.</subfield>
  </datafield>
  <datafield tag="245" ind1="1" ind2="0">
   <subfield code="a">Decorating with flowers</subfield>
   <subfield code="c">by Roberto Caballero and  Elizabeth V. Reyes ; photography by Luca Invernizzi  Tettoni.</subfield>
  </datafield>
  <datafield tag="264" ind1=" " ind2="1">
   <subfield code="c">Tokyo  : Tuttle Publishing, [2011] </subfield>
  </datafield>
  <datafield tag="300" ind1=" " ind2=" ">
   <subfield code="a">240 pages</subfield>
   <subfield code="b">color illustrations</subfield>
   <subfield code="c">31 cm</subfield>
  </datafield>
  <datafield tag="336" ind1=" " ind2=" ">
   <subfield code="a">text</subfield>
   <subfield code="2">rdacontent</subfield>
  </datafield>
  <datafield tag="337" ind1=" " ind2=" ">
   <subfield code="a">unmediated</subfield>
   <subfield code="2">rdamedia</subfield>
  </datafield>
  <datafield tag="338" ind1=" " ind2=" ">
   <subfield code="a">volume</subfield>
   <subfield code="2">rdacarrier</subfield>
  </datafield>
  <datafield tag="500" ind1=" " ind2=" ">
   <subfield code="a">&quot;Dazzling flower arrangements in Metro Manila's finest homes&quot;--Jacket. </subfield>
  </datafield>
  <datafield tag="505" ind1="0" ind2=" ">
   <subfield code="a">Exotic flora forms mirror art -- Floral fantasies for a collector's home -- Modernist stagings -- Moroccan memories rekindled by romantic blooms -- Antic assemblies -- A gentle way with flowers -- Homecoming dinner party -- Alfresco garden party -- Romantic Venetian evening -- Bali tropical fantasy -- A passion for highland art -- Vintage chic updated -- Silver anniversary celebration -- Sogetsu style -- Ambassadorial artistry -- A serene lightness -- Tropical organic -- Classical concept -- Elements of surprise -- Opulent flair -- Classic treasures enhanced by monochromatic blooms -- Floral fantasies weave their romantic spell -- The constant gardener -- Warm, organic and chic -- Latin fusion -- Elegant exuberance -- Southern belle -- Floral hijinx -- Vintage glam -- Heritage house entertaining -- Priceless heirlooms and modern art -- Spirit of Sogetsu.</subfield>
  </datafield>
  <datafield tag="520" ind1=" " ind2=" ">
   <subfield code="a">Use fresh flowers to make a dramatic difference in your home ... and dazzle with the power of flowers when you entertain! Decorating with Flowers celebrates the latest trends in contemporary floral design with a tropical twist. Featuring inspired table settings and installations, this extraordinary book will encourage you to create your own unforgettable floral creations!</subfield>
  </datafield>
  <datafield tag="650" ind1=" " ind2="0">
   <subfield code="a">Flower arrangement.</subfield>
  </datafield>
  <datafield tag="650" ind1=" " ind2="0">
   <subfield code="a">Flower arrangement in interior decoration.</subfield>
  </datafield>
  <datafield tag="650" ind1=" " ind2="0">
   <subfield code="a">Floral decorations.</subfield>
  </datafield>
  <datafield tag="700" ind1="1" ind2=" ">
   <subfield code="a">Reyes, Elizabeth</subfield>
   <subfield code="q">(Elizabeth V.)</subfield>
   <subfield code="e">author.</subfield>
  </datafield>
  <datafield tag="700" ind1="1" ind2=" ">
   <subfield code="a">Invernizzi, Luca</subfield>
   <subfield code="e">photographer.</subfield>
  </datafield>
  <datafield tag="905" ind1=" " ind2=" ">
   <subfield code="a">FI</subfield>
  </datafield>
  <datafield tag="852" ind1="0" ind2=" ">
   <subfield code="a">UPBAG</subfield>
   <subfield code="b">UPBAG-MAIN</subfield>
   <subfield code="h">SB 449</subfield>
   <subfield code="i">C33 2011</subfield>
  </datafield>
  <datafield tag="942" ind1=" " ind2=" ">
   <subfield code="a">Book</subfield>
  </datafield>
 </record>
</collection>
